Conferencias del ciclo Orientaciones para una mejora ganadera. (Record no. 46399)

MARC details
000 -LEADER
campo de control de longitud fija 01404nam a2200289 i 4500
001 - NÚMERO DE CONTROL
campo de control 46399
003 - IDENTIFICADOR DE NÚMERO DE CONTROL
campo de control ES-MaACL
005 - FECHA Y HORA DE LA ÚLTIMA TRANSACCIÓN
campo de control 20230906161357.0
007 - CAMPO FIJO DE DESCRIPCIÓN FÍSICA--INFORMACIÓN GENERAL
campo de control de longitud fija t|
008 - DATOS DE LONGITUD FIJA--INFORMACIÓN GENERAL
campo de control de longitud fija 030328s1948 sp ||||1| spa d
245 00 - MENCIÓN DEL TÍTULO
Título Conferencias del ciclo Orientaciones para una mejora ganadera.
260 ## - PUBLICACIÓN, DISTRIBUCIÓN, ETC.
Lugar de publicación, distribución, etc. Palma de Mallorca :
Nombre del editor, distribuidor, etc. [s.n.,
Fecha de publicación, distribución, etc. 1948]
300 ## - DESCRIPCIÓN FÍSICA
Extensión 107 p. ;
Dimensiones 21 cm.
505 8# - NOTA DE CONTENIDO CON FORMATO
Nota de contenido con formato Contiene: La ganadería y las necesidades de la sociedad actual / por Luis María Pomar y Pomar. Zooprofilaxis ganadera / por Ramón Aguiló Mercader. El ganado bovino de las Baleares / por Juan Jaume. El control de la producción animal / por Andrés Torrens Pastor. La fecuncación artificial ganadera y su repercusión en la economía de los pueblos / por Hernán Ferré Renna
700 1# - ENTRADA AGREGADA--NOMBRE PERSONAL
Nombre de persona Pomar y Pomar, Luis.
9 (RLIN) 92899
700 1# - ENTRADA AGREGADA--NOMBRE PERSONAL
Nombre de persona Aguiló Mercader, Ramón.
9 (RLIN) 18797
700 1# - ENTRADA AGREGADA--NOMBRE PERSONAL
Nombre de persona Jaume, Juan.
9 (RLIN) 66178
700 1# - ENTRADA AGREGADA--NOMBRE PERSONAL
Nombre de persona Torrens Pastor, Andrés.
9 (RLIN) 110827
700 1# - ENTRADA AGREGADA--NOMBRE PERSONAL
Nombre de persona Ferré Renna, Hernán.
9 (RLIN) 50363
710 2# - ENTRADA AGREGADA--NOMBRE DE ENTIDAD CORPORATIVA
Nombre de entidad corporativa o nombre de jurisdicción como elemento de entrada Colegio Oficial de Veterinarios de Baleares.
9 (RLIN) 2981
740 3# - ENTRADA AGREGADA--TÍTULO RELACIONADO/ANALÍTICO NO CONTROLADO
Título relacionado o analítico no controlado La ganadería y las necesidades de la sociedad actual.
740 0# - ENTRADA AGREGADA--TÍTULO RELACIONADO/ANALÍTICO NO CONTROLADO
Título relacionado o analítico no controlado Zooprofilaxis ganadera.
740 3# - ENTRADA AGREGADA--TÍTULO RELACIONADO/ANALÍTICO NO CONTROLADO
Título relacionado o analítico no controlado El ganado bovino de las Baleares.
740 3# - ENTRADA AGREGADA--TÍTULO RELACIONADO/ANALÍTICO NO CONTROLADO
Título relacionado o analítico no controlado El control de la producción animal.
740 3# - ENTRADA AGREGADA--TÍTULO RELACIONADO/ANALÍTICO NO CONTROLADO
Título relacionado o analítico no controlado La fecundación artificial ganadera y su repercusión en la economía e los pueblos.
852 ## - LOCALIZACIÓN
Ubicación ES-MaACL
Número de control de estantería 1903-F-8
Sublocalización o colección R.28461
Holdings
Estatus retirado Estado de pérdida Estado de daño No para préstamo Colección Biblioteca de origen Biblioteca actual Ubicación en estantería Fecha de adquisición Fuente de adquisición Total de préstamos Signatura topográfica completa Código de barras Visto por última vez Precio de reemplazo Tipo de ítem Koha
        Colección de folletos Biblioteca del Ateneo de Madrid Biblioteca del Ateneo de Madrid Depósito folletos 17/01/2008     1903-F-8 1048799 23/02/2023 23/02/2023 Folleto